000 01092nam a2200265 i 4500
001 000028054
003 DO-SdBNP
005 20230424133529.0
007 ta
008 110414s1933 dr r 000 0 spa d
040 _aDO-SdBNP
_bspa
_cBNPHU
_erda
082 _bP966
_222
110 _955084
245 1 0 _aProspecto :
_bescuela de comercio, de instrucción primaria y secundaria
264 _aSantiago, República Dominicana :
_bImprenta de L.H. Cruz,
_c1933
300 _a25 paginas ;
_c24 cm.
336 _2rdaconten.
_atexto
_btxt
337 _2rdamedia
_asin mediación
_bn
338 _2rdacarrier
_avolumen
_bnc
505 _aDescripción del modelo de atención en violencia contra las mujeres de la fiscalía del Distrito Nacional 13 -- Del modelo de intervención clínica en el centro de atención a sobrevivientes de violencia 21 -- Programa de terapia individual 27 -- Programa de terapia grupal 35 -- Programa de servicios sociales 83 -- Programa de terapia psico-corporal 87
590 _aInventariado, 2023 / DG
650 _983290
910 _aDG
942 _2ddc
_cLF2
999 _c53336
_d53336